[Event "Istanbul Open 2019"]
[Site "Istanbul"]
[Date "2019.08.29"]
[Round "5.16"]
[White "Hakkaki Fard, Pedram"]
[Black "Yalcinkaya, Efe"]
[Result "0-1"]
[WhiteElo "1720"]
[BlackElo "1542"]
[Annotator "NA"]
[PlyCount "89"]
[EventDate "2019.08.26"]
[EventType "swiss"]
[EventCountry "TUR"]
[SourceTitle "playchess.com"]
[Source "ChessBase"]
[SourceQuality "1"]
[TimeControl "5400+30"]

1. d4 Nf6 2. Bf4 d5 3. e3 c5 4. c3 Nc6 5. Nd2 Bf5 6. Ngf3 Qb6 7. Nh4 Be4 8. f3 Bg6 9. Nxg6 hxg6 10. Qb3 c4 11. Qc2 Nh5 12. Bg5 e5 13. O-O-O Be7 14. Bxe7 Nxe7 15. Be2 exd4 16. cxd4 Qa5 17. Kb1 Nc6 18. Qc3 Qc7 19. g4 Nf6 20. e4 b5 21. Qe3 O-O-O 22. g5 Nh5 23. e5 Qb6 24. Nf1 Ne7 25. f4 Nf5 26. Bg4 Kb8 27. Bxf5 gxf5 28. Ng3 g6 29. Nxh5 Rxh5 30. Rde1 Re8 31. Re2 a6 32. b3 b4 33. bxc4 dxc4 34. Rd1 Reh8 35. e6 Qxe6 36. Qxe6 fxe6 37. Rxe6 Rxh2 38. d5 c3 39. Rc6 Rg2 40. Kc1 Rhh2 41. Re1 Rc2+ 42. Kb1 Rb2+ 43. Kc1 Rhc2+ 44. Kd1 Rd2+ 45. Kc1 0-1

[Event "Istanbul Open 2019"]
[Site "Istanbul"]
[Date "2019.08.29"]
[Round "5.17"]
[White "Ahmadov, Orkhan"]
[Black "Pektas, Gokdeniz"]
[Result "1/2-1/2"]
[WhiteElo "1615"]
[BlackElo "1652"]
[Annotator "NA"]
[PlyCount "50"]
[EventDate "2019.08.26"]
[EventType "swiss"]
[EventCountry "TUR"]
[SourceTitle "playchess.com"]
[Source "ChessBase"]
[SourceQuality "1"]
[TimeControl "5400+30"]

1. d4 Nf6 2. c4 e5 3. dxe5 Ng4 4. e3 Nxe5 5. f4 Nec6 6. Nf3 Bc5 7. Nc3 d6 8. a3 a5 9. Bd3 f5 10. Qc2 O-O 11. O-O Qe8 12. Nd5 Na6 13. Kh1 Be6 14. Re1 Qd7 15. b3 Rae8 16. Bb2 Ne7 17. e4 fxe4 18. Nxe7+ Rxe7 19. Bxe4 Bf5 20. Bxf5 Rxe1+ 21. Rxe1 Qxf5 22. Qxf5 Rxf5 23. Re7 Rf7 24. Re8+ Rf8 25. Re7 Rf7 1/2-1/2

[Event "Istanbul Open 2019"]
[Site "Istanbul"]
[Date "2019.08.29"]
[Round "5.18"]
[White "Torun, Ufuk"]
[Black "Metin, Enis"]
[Result "0-1"]
[WhiteElo "1568"]
[BlackElo "1749"]
[Annotator "NA"]
[PlyCount "42"]
[EventDate "2019.08.26"]
[EventType "swiss"]
[EventCountry "TUR"]
[SourceTitle "playchess.com"]
[Source "ChessBase"]
[SourceQuality "1"]
[TimeControl "5400+30"]

1. d4 Nf6 2. c4 e6 3. Nf3 b6 4. g3 Bb7 5. Bg2 Be7 6. O-O O-O 7. Nc3 Ne4 8. Qc2 Nxc3 9. bxc3 f5 10. a4 a5 11. Re1 Be4 12. Qb3 Bf6 13. Ba3 Re8 14. Nd2 Bxg2 15. Kxg2 d6 16. e4 fxe4 17. Nxe4 Nd7 18. Rad1 Kh8 19. Nxf6 Qxf6 20. Qc2 e5 21. d5 Rf8 {[%emt 1:39:01]} 0-1

[Event "Istanbul Open 2019"]
[Site "Istanbul"]
[Date "2019.08.30"]
[Round "6.1"]
[White "Kamer, Kayra"]
[Black "Yaran, Siar"]
[Result "1/2-1/2"]
[WhiteElo "2306"]
[BlackElo "2209"]
[Annotator "RC"]
[PlyCount "135"]
[EventDate "2019.08.26"]
[EventType "swiss"]
[EventCountry "TUR"]
[SourceTitle "playchess.com"]
[Source "ChessBase"]
[SourceQuality "1"]
[TimeControl "5400+30"]

1. g3 e5 2. c4 c6 3. d4 e4 4. Nc3 d5 5. Nh3 h6 6. cxd5 cxd5 7. Nf4 Nf6 8. Qb3 Nc6 9. Ncxd5 Nxd5 10. Qxd5 Qxd5 11. Nxd5 Nxd4 12. Nc7+ Kd8 13. Nxa8 Nc2+ 14. Kd1 Nxa1 15. Bf4 Be6 16. Kc1 Bxa2 17. b4 {[%emt 0:29:30]} Be6 {[%emt 1:05:30]} 18. Nc7 {[%emt 0:07:30]} Nb3+ {[%emt 0:00:30]} 19. Kb2 {[%emt 0:00:30]} Nd4 {[%emt 0:00:00]} 20. e3 {[%emt 0:00:30]} Nf3 {[%emt 0:00:00]} 21. Nxe6+ {[%emt 0:00:30]} fxe6 {[%emt 0:00:30]} 22. Bb8 {[%emt 0:14:30]} Bxb4 {[%emt 0:06:30]} 23. Bxa7 {[%emt 0:00:00]} Ke7 {[%emt 0:02:30]} 24. Kb3 {[%emt 0:11:00]} Bd6 {[%emt 0:01:30]} 25. Bd4 {[%emt 0:01:30]} Nd2+ {[%emt 0:06:36]} 26. Kc2 {[%emt 0:01:30]} Nxf1 {[%emt 0:00:04]} 27. Rxf1 {[%emt 0:00:30]} e5 {[%emt 0:00:22]} 28. Bc3 {[%emt 0:00:30]} Rf8 {[%emt 0:02:59]} 29. Kb3 {[%emt 0:00:30]} Ke6 {[%emt 0:01:22]} 30. Bb4 {[%emt 0:03:30]} Bxb4 {[%emt 0:00:59]} 31. Kxb4 {[%emt 0:00:00]} h5 {[%emt 0:02:17]} 32. Kc3 {[%emt 0:02:00]} g5 {[%emt 0:01:57]} 33. Kd2 {[%emt 0:09:30]} Kd5 {[%emt 0:01:33]} 34. Kc3 {[%emt 0:00:00]} Kc5 {[%emt 0:00:18]} 35. Kb3 {[%emt 0:00:00]} Kd5 {[%emt 0:03:59]} 36. Rd1+ {[%emt 0:05:43]} Ke6 {[%emt 0:00:30]} 37. Rd2 {[%emt 0:00:30]} Kf5 {[%emt 0:00:30]} 38. h3 {[%emt 0:00:30]} Ke6 {[%emt 0:00:30]} 39. Kb4 {[%emt 0:00:30]} h4 {[%emt 0:00:00]} 40. Kc5 {[%emt 0:08:20]} Rc8+ {[%emt 0:03:53]} 41. Kb6 {[%emt 0:00:01]} g4 {[%emt 0:00:00]} 42. hxg4 {[%emt 0:00:33]} h3 {[%emt 0:03:45]} 43. Rd1 {[%emt 0:00:09]} Rh8 {[%emt 0:00:04]} 44. Kxb7 {[%emt 0:01:12]} Kf6 {[%emt 0:00:30]} 45. Kc6 {[%emt 0:00:30]} Kg5 {[%emt 0:00:30]} 46. Rh1 {[%emt 0:00:43]} Kxg4 {[%emt 0:00:03]} 47. Kd5 {[%emt 0:10:36]} Kf3 {[%emt 0:00:14]} 48. Rh2 {[%emt 0:00:07]} Rh5 {[%emt 0:02:53]} 49. Ke6 {[%emt 0:00:32]} Kg4 {[%emt 0:01:09]} 50. Kf6 {[%emt 0:00:29]} Rf5+ {[%emt 0:00:05]} 51. Ke6 {[%emt 0:00:00]} Rh5 {[%emt 0:00:13]} 52. Kf6 {[%emt 0:00:04]} Kf3 {[%emt 0:00:26]} 53. Kg6 {[%emt 0:00:45]} Rh8 {[%emt 0:00:10]} 54. Kf6 {[%emt 0:00:26]} Rh5 {[%emt 0:01:05]} 55. Kg6 {[%emt 0:00:08]} Rh8 {[%emt 0:00:06]} 56. Kf6 {[%emt 0:00:05]} Ke2 {[%emt 0:01:12]} 57. Kg7 {[%emt 0:01:06]} Ra8 {[%emt 0:00:16]} 58. g4 {[%emt 0:01:20]} Kf1 {[%emt 0:00:38]} 59. g5 {[%emt 0:00:33]} Ra2 {[%emt 0:00:12]} 60. g6 {[%emt 0:00:40]} Rxf2 {[%emt 0:00:02]} 61. Rxh3 {[%emt 0:00:02]} Rf3 {[%emt 0:00:14]} 62. Rh5 {[%emt 0:00:53]} Kf2 {[%emt 0:00:27]} 63. Rxe5 {[%emt 0:00:30]} Kxe3 {[%emt 0:00:04]} 64. Kh6 {[%emt 0:00:47]} Kf4 {[%emt 0:00:05]} 65. Rh5 {[%emt 0:00:36]} Rg3 {[%emt 0:01:56]} 66. g7 {[%emt 0:00:25]} e3 {[%emt 0:00:28]} 67. Kh7 {[%emt 0:00:15]} e2 {[%emt 0:00:27]} 68. Rh1 {[%emt 0:00:04]} 1/2-1/2

[Event "Istanbul Open 2019"]
[Site "Istanbul"]
[Date "2019.08.30"]
[Round "6.2"]
[White "Eren, Ataberk"]
[Black "Shanava, Konstantine"]
[Result "0-1"]
[WhiteElo "2254"]
[BlackElo "2496"]
[Annotator "ChessBase"]
[PlyCount "84"]
[EventDate "2019.08.26"]
[EventType "swiss"]
[EventCountry "TUR"]
[SourceTitle "playchess.com"]
[Source "ChessBase"]
[SourceQuality "1"]
[TimeControl "5400+30"]

1. d4 f5 2. c4 Nf6 3. Nc3 b6 4. Nf3 e6 5. a3 Bb7 6. g3 Ne4 7. Qc2 Be7 8. Bg2 O-O 9. O-O Nxc3 10. Qxc3 Bf6 11. b4 c5 12. Bb2 cxd4 13. Nxd4 Bxg2 14. Kxg2 Nc6 15. Qd2 Ne5 16. Rac1 Rc8 17. Nb5 {[%emt 0:47:30]} Nxc4 {[%emt 0:31:30]} 18. Bxf6 {[%emt 0:00:30]} Rxf6 {[%emt 0:24:30]} 19. Qd3 {[%emt 0:00:30]} d5 {[%emt 0:00:30]} 20. Nxa7 {[%emt 0:00:30]} Ra8 {[%emt 0:00:30]} 21. Nb5 {[%emt 0:00:30]} Rf7 {[%emt 0:00:30]} 22. Ra1 {[%emt 0:11:30]} f4 {[%emt 0:01:30]} 23. a4 {[%emt 0:05:30]} Qf6 {[%emt 0:02:30]} 24. a5 {[%emt 0:02:30]} bxa5 {[%emt 0:04:30]} 25. bxa5 {[%emt 0:00:30]} Rxa5 {[%emt 0:00:30]} 26. Rxa5 {[%emt 0:00:30]} Nxa5 {[%emt 0:00:30]} 27. Nd6 {[%emt 0:00:30]} Rf8 {[%emt 0:00:30]} 28. Rc1 {[%emt 0:09:30]} Qe5 {[%emt 0:10:30]} 29. Rc5 {[%emt 0:04:58]} Qxd6 {[%emt 0:02:30]} 30. Rxa5 {[%emt 0:00:18]} fxg3 {[%emt 0:00:30]} 31. Qxg3 {[%emt 0:00:14]} Qb6 {[%emt 0:02:30]} 32. Ra3 {[%emt 0:00:54]} e5 {[%emt 0:01:30]} 33. Qh4 {[%emt 0:05:57]} h6 {[%emt 0:03:27]} 34. Re3 {[%emt 0:00:58]} e4 {[%emt 0:00:42]} 35. Qh5 {[%emt 0:01:13]} Qd4 {[%emt 0:01:57]} 36. Qh4 {[%emt 0:01:33]} Kh7 {[%emt 0:00:37]} 37. Rh3 {[%emt 0:03:53]} Rf5 {[%emt 0:01:14]} 38. e3 {[%emt 0:03:29]} Qb2 {[%emt 0:01:54]} 39. Qg3 {[%emt 0:00:42]} Rf3 {[%emt 0:01:08]} 40. Qh4 {[%emt 0:00:08]} Rf6 {[%emt 0:00:00]} 41. Kg1 {[%emt 0:00:20]} Qb1+ {[%emt 0:00:31]} 42. Kg2 {[%emt 0:00:02]} Qe1 {[%emt 0:00:00]} 0-1

[Event "Istanbul Open 2019"]
[Site "Istanbul"]
[Date "2019.08.30"]
[Round "6.3"]
[White "Mohannad, Farhan"]
[Black "Arat, Ufuk Sezen"]
[Result "1/2-1/2"]
[WhiteElo "2151"]
[BlackElo "2390"]
[Annotator "NA"]
[PlyCount "99"]
[EventDate "2019.08.26"]
[EventType "swiss"]
[EventCountry "TUR"]
[SourceTitle "playchess.com"]
[Source "ChessBase"]
[SourceQuality "1"]
[TimeControl "5400+30"]

1. d4 Nf6 2. c4 g6 3. Nc3 Bg7 4. e4 O-O 5. Nf3 d6 6. Be2 e5 7. d5 a5 8. O-O Na6 9. Bg5 h6 10. Bh4 g5 11. Bg3 Nh5 12. Nd2 Nf4 13. Bg4 Bxg4 14. Qxg4 h5 15. Qf5 Qf6 16. f3 Nb4 17. Rab1 Qh6 18. Qd7 Rac8 19. Qa4 b6 20. Qd1 Kh8 {[%emt 1:06:00]} 21. Nb3 {[%emt 0:13:30]} Bf6 {[%emt 0:06:30]} 22. Nc1 {[%emt 0:01:30]} Rg8 {[%emt 0:00:30]} 23. a3 {[%emt 0:01:30]} Na6 {[%emt 0:00:30]} 24. b4 {[%emt 0:00:00]} axb4 {[%emt 0:00:30]} 25. axb4 {[%emt 0:00:00]} g4 {[%emt 0:01:30]} 26. N3e2 {[%emt 0:16:30]} Rg6 {[%emt 0:08:51]} 27. Bxf4 {[%emt 0:05:30]} exf4 {[%emt 0:00:33]} 28. fxg4 {[%emt 0:00:00]} Rcg8 {[%emt 0:04:08]} 29. Nxf4 {[%emt 0:07:00]} Rxg4 {[%emt 0:00:05]} 30. Ncd3 {[%emt 0:00:30]} Be5 {[%emt 0:03:28]} 31. Qf3 {[%emt 0:04:30]} Nb8 {[%emt 0:00:28]} 32. Nxe5 {[%emt 0:19:30]} dxe5 {[%emt 0:00:30]} 33. Nd3 {[%emt 0:00:00]} Rxg2+ {[%emt 0:01:11]} 34. Kh1 {[%emt 0:00:00]} Nd7 {[%emt 0:02:55]} 35. Rg1 {[%emt 0:00:30]} Rxg1+ {[%emt 0:02:12]} 36. Rxg1 {[%emt 0:00:30]} Rxg1+ {[%emt 0:00:00]} 37. Kxg1 {[%emt 0:00:30]} Qg5+ {[%emt 0:01:16]} 38. Qg3 {[%emt 0:01:30]} Qd2 {[%emt 0:01:04]} 39. Qf3 {[%emt 0:01:30]} Kg7 {[%emt 0:01:26]} 40. Qg2+ {[%emt 0:00:30]} Qxg2+ {[%emt 0:00:30]} 41. Kxg2 {[%emt 0:00:00]} f5 {[%emt 0:00:00]} 42. Kf3 {[%emt 0:02:00]} Kf6 {[%emt 0:00:00]} 43. c5 {[%emt 0:01:30]} bxc5 {[%emt 0:00:56]} 44. bxc5 {[%emt 0:00:30]} f4 {[%emt 0:01:29]} 45. h4 {[%emt 0:04:30]} Nb8 {[%emt 0:00:36]} 46. c6 {[%emt 0:00:30]} Na6 {[%emt 0:00:35]} 47. Kf2 {[%emt 0:00:00]} Nb8 {[%emt 0:00:18]} 48. Kf3 {[%emt 0:06:00]} Na6 {[%emt 0:00:04]} 49. Kf2 {[%emt 0:00:30]} Nb8 {[%emt 0:00:30]} 50. Kf3 {[%emt 0:00:00]} 1/2-1/2

[Event "Istanbul Open 2019"]
[Site "Istanbul"]
[Date "2019.08.30"]
[Round "6.4"]
[White "Ozsakallioglu, Okan"]
[Black "Mammadov, Sadig"]
[Result "1-0"]
[WhiteElo "2324"]
[BlackElo "2243"]
[Annotator "NA"]
[PlyCount "79"]
[EventDate "2019.08.26"]
[EventType "swiss"]
[EventCountry "TUR"]
[SourceTitle "playchess.com"]
[Source "ChessBase"]
[SourceQuality "1"]
[TimeControl "5400+30"]

1. d4 Nf6 2. c4 g6 3. Nf3 Bg7 4. g3 O-O 5. Bg2 d6 6. O-O Nbd7 7. Nc3 e5 8. e4 exd4 9. Nxd4 Re8 10. Be3 Nc5 11. f3 Bd7 12. Qd2 a5 13. Ndb5 Qc8 14. Rad1 a4 15. Rfe1 Bc6 16. Bxc5 dxc5 17. e5 Nd7 18. f4 Nb6 19. b3 Kh8 {[%emt 0:46:30]} 20. Qf2 {[%emt 0:36:00]} axb3 {[%emt 0:06:30]} 21. axb3 {[%emt 0:00:00]} g5 {[%emt 0:05:30]} 22. fxg5 {[%emt 0:03:00]} Bxg2 {[%emt 0:01:30]} 23. Kxg2 {[%emt 0:00:30]} Rxe5 {[%emt 0:01:30]} 24. Rxe5 {[%emt 0:00:30]} Bxe5 {[%emt 0:00:30]} 25. Qxc5 {[%emt 0:00:30]} Bg7 {[%emt 0:12:30]} 26. Rd2 {[%emt 0:02:30]} Nd7 {[%emt 0:25:29]} 27. Qxc7 {[%emt 0:01:30]} Nc5 {[%emt 0:00:26]} 28. Qxc8+ {[%emt 0:06:30]} Rxc8 {[%emt 0:00:04]} 29. Rf2 {[%emt 0:00:30]} Nxb3 {[%emt 0:01:46]} 30. Nd6 {[%emt 0:00:30]} Rc7 {[%emt 0:02:00]} 31. Nd5 {[%emt 0:00:30]} Rd7 {[%emt 0:00:39]} 32. Nxf7+ {[%emt 0:00:30]} Kg8 {[%emt 0:00:30]} 33. Nh6+ {[%emt 0:00:00]} Kh8 {[%emt 0:00:00]} 34. Re2 {[%emt 0:01:00]} Bf8 {[%emt 0:00:48]} 35. Re8 {[%emt 0:01:30]} Kg7 {[%emt 0:00:01]} 36. Ne3 {[%emt 0:00:00]} Nd4 {[%emt 0:00:13]} 37. h4 {[%emt 0:00:00]} Rc7 {[%emt 0:00:49]} 38. Re4 {[%emt 0:00:30]} Nc6 {[%emt 0:00:13]} 39. Nef5+ {[%emt 0:00:30]} Kg6 {[%emt 0:01:14]} 40. Re6+ {[%emt 0:00:00]} 1-0

[Event "Istanbul Open 2019"]
[Site "Istanbul"]
[Date "2019.08.30"]
[Round "6.5"]
[White "Nuri, Murad"]
[Black "Senyuz, Mustafa Zorbey"]
[Result "1-0"]
[WhiteElo "2291"]
[BlackElo "1844"]
[Annotator "NA"]
[PlyCount "73"]
[EventDate "2019.08.26"]
[EventType "swiss"]
[EventCountry "TUR"]
[SourceTitle "playchess.com"]
[Source "ChessBase"]
[SourceQuality "1"]
[TimeControl "5400+30"]

1. c4 Nf6 2. Nc3 g6 3. e4 d6 4. d4 Bg7 5. Be2 O-O 6. Nf3 e5 7. d5 a5 8. Bg5 h6 9. Bh4 Na6 10. Nd2 Nc5 11. O-O g5 12. Bg3 Ne8 13. Nb3 b6 14. Nxc5 bxc5 15. Bd3 Bd7 16. Qc2 Rb8 17. f3 Qc8 18. Be1 Qb7 19. Rb1 Bf6 20. Rf2 Ng7 21. Nd1 Qa6 {[%emt 0:23:30]} 22. Ne3 {[%emt 0:54:00]} Bd8 {[%emt 0:03:30]} 23. Bc3 {[%emt 0:00:30]} Ra8 {[%emt 0:00:30]} 24. g3 {[%emt 0:00:30]} Nh5 {[%emt 0:07:30]} 25. Kh1 {[%emt 0:04:30]} f6 {[%emt 0:04:30]} 26. Qe2 {[%emt 0:03:30]} Be7 {[%emt 0:02:30]} 27. f4 {[%emt 0:01:30]} Ng7 {[%emt 0:00:30]} 28. Rbf1 {[%emt 0:07:30]} Rae8 {[%emt 0:06:30]} 29. h4 {[%emt 0:05:30]} a4 {[%emt 0:03:30]} 30. hxg5 {[%emt 0:01:30]} hxg5 {[%emt 0:00:30]} 31. Rh2 {[%emt 0:00:30]} Qc8 {[%emt 0:01:30]} 32. Rff2 {[%emt 0:07:35]} Rd8 {[%emt 0:04:30]} 33. Rh6 {[%emt 0:00:25]} Rde8 {[%emt 0:00:30]} 34. Rfh2 {[%emt 0:03:59]} gxf4 {[%emt 0:02:30]} 35. gxf4 {[%emt 0:00:09]} exf4 {[%emt 0:00:00]} 36. e5 {[%emt 0:04:30]} fxe3 {[%emt 0:02:00]} 37. Bh7+ {[%emt 0:00:06]} 1-0

[Event "Istanbul Open 2019"]
[Site "Istanbul"]
[Date "2019.08.30"]
[Round "6.6"]
[White "Abishli, Oghuz"]
[Black "Darban, Morteza"]
[Result "1/2-1/2"]
[WhiteElo "2038"]
[BlackElo "2280"]
[Annotator "TA"]
[PlyCount "116"]
[EventDate "2019.08.26"]
[EventType "swiss"]
[EventCountry "TUR"]
[SourceTitle "playchess.com"]
[Source "ChessBase"]
[SourceQuality "1"]

{[%evp 17,116,-37,-21,-51,-25,-31,-15,-27,-5,-5,-6,-6,-8,-27,-7,-10,-9,-10,23,21,11,34,25,14,18,18,14,33,117,53,39,33,30,7,12,0,0,0,0,1,10,-4,-4,-4,0,0,0,-4,-4,-4,-4,-4,-4,-4,-4,-4,-4,-4,-4,-4,-4,-4,140,140,140,140,140,140,140,140,140,140,140,140,140,140,140,140,140,133,119,122,155,155,154,0,0,0,0,0,0,0,0,0,0,0,0,0,0,0,0]} 1. d4 Nf6 2. c4 e6 3. Nc3 Bb4 4. a3 Bxc3+ 5. bxc3 c5 6. f3 Nc6 7. e4 d6 8. Be3 b6 9. Bd3 O-O 10. Qe2 $146 {E24: Nimzo-Indian: Sämisch: Unusual Black 5th moves and 5...c5 sidelines} ({Predecessor:} 10. Ne2 Qc7 11. O-O Na5 12. Bg5 Nd7 13. f4 f6 14. Bh4 Ba6 15. e5 Bxc4 16. f5 exf5 17. Bxc4+ Nxc4 {0-1 (33) Babujian,L (2488)-Hovhannisyan,R (2610) Jermuk 2013}) 10... Ba6 11. f4 cxd4 12. cxd4 e5 13. fxe5 $1 dxe5 14. d5 Na5 15. Nf3 Nd7 16. O-O Rc8 17. Rac1 Qe7 18. c5 Bxd3 19. Qxd3 {[#] Strongly threatening c6.} Nxc5 20. Bxc5 bxc5 21. Qc3 Nb7 $1 22. Nxe5 Nd8 (22... Rce8 $1 $14 23. Nc6 Qxe4) 23. Rfe1 ({White should play} 23. Qh3 $16 Rc7 24. Qg3) 23... f6 $1 $14 {[%cal Rf6e5]} 24. Nc4 Nf7 25. e5 fxe5 26. Nxe5 Nxe5 27. Qxe5 Qxe5 28. Rxe5 $11 {[%mdl 4096] Endgame KRR-KRR} Rf6 29. d6 Rxd6 30. Rexc5 Rf8 31. Rc8 (31. Rc6 {with more complications.} Rd2 32. Rc8 Rd6 33. R8c7 a6 34. h3) 31... Ra6 32. Rxf8+ Kxf8 {KR-KR} 33. Rc3 Ke7 34. Kf2 h5 35. h4 g6 36. g3 Kd6 37. Kf3 Ra4 38. Rd3+ Kc5 39. Rc3+ Rc4 (39... Kb5 $11 {remains equal.}) 40. Rxc4+ $16 Kxc4 {K3P-K3P} 41. Kf4 Kb3 42. Kg5 a5 43. Kxg6 Kxa3 44. Kxh5 {KPP-KP} Kb4 45. g4 a4 46. g5 a3 {Hoping for ...a2.} 47. g6 a2 48. g7 a1=Q {aiming for ...Qe5+.} 49. g8=Q {KQ-KQ} Kc5 50. Qg5+ Kd6 {[#]} 51. Kg6 $2 ({White has to play} 51. Qd8+ $1 $16 Ke6 52. Qe8+ Kd5 53. Qf7+ Kc5 54. Kg6) 51... Qb1+ $11 {The position is equal.} 52. Kg7 Qb7+ 53. Kh6 {Threatens to win with Qf6+.} Qf7 54. h5 {Qg3+ is the strong threat.} Ke6 55. Qg6+ Ke7 56. Qg7 Ke8 57. Qe5+ Kf8 58. Qh8+ Ke7 {Accuracy: White = 59%, Black = 59%.} 1/2-1/2

[Event "Istanbul Open 2019"]
[Site "Istanbul"]
[Date "2019.08.30"]
[Round "6.7"]
[White "Ozsakkiloglu, Akin"]
[Black "Citak, Selim"]
[Result "1-0"]
[WhiteElo "2067"]
[BlackElo "2263"]
[Annotator "NA"]
[PlyCount "69"]
[EventDate "2019.08.26"]
[EventType "swiss"]
[EventCountry "TUR"]
[SourceTitle "playchess.com"]
[Source "ChessBase"]
[SourceQuality "1"]
[TimeControl "5400+30"]

1. e4 e5 2. Nf3 Nc6 3. Nc3 Nf6 4. Bb5 Bb4 5. O-O Bxc3 6. bxc3 d6 7. d4 O-O 8. Qd3 Bd7 9. Bg5 h6 10. Bh4 Qe8 11. Bxf6 gxf6 12. Bxc6 bxc6 13. Nd2 Kh7 14. f4 exd4 15. cxd4 Rg8 16. Rae1 Qf8 17. e5+ f5 18. Nc4 {[%emt 0:47:00]} Qg7 {[%emt 0:33:00]} 19. g3 {[%emt 0:10:30]} Be6 {[%emt 0:03:30]} 20. Ne3 {[%emt 0:00:00]} Qg6 {[%emt 0:06:30]} 21. c4 {[%emt 0:02:00]} Rad8 {[%emt 0:04:30]} 22. Qc3 {[%emt 0:02:30]} dxe5 {[%emt 0:07:30]} 23. fxe5 {[%emt 0:01:30]} f6 {[%emt 0:00:30]} 24. Ng2 {[%emt 0:00:30]} fxe5 {[%emt 0:01:30]} 25. Rxe5 {[%emt 0:00:30]} Qf7 {[%emt 0:01:30]} 26. Rfe1 {[%emt 0:08:30]} Rde8 {[%emt 0:00:30]} 27. Nf4 {[%emt 0:01:30]} Bd7 {[%emt 0:00:00]} 28. d5 {[%emt 0:00:30]} Rxe5 {[%emt 0:02:00]} 29. Rxe5 {[%emt 0:01:30]} Re8 {[%emt 0:00:30]} 30. Rxe8 {[%emt 0:00:30]} Qxe8 {[%emt 0:00:30]} 31. Qf6 {[%emt 0:02:30]} cxd5 {[%emt 0:03:30]} 32. cxd5 {[%emt 0:00:30]} Qg8 {[%emt 0:06:30]} 33. Nh5 {[%emt 0:06:30]} Be8 {[%emt 0:04:30]} 34. Qe7+ {[%emt 0:00:30]} Qf7 {[%emt 0:01:30]} 35. Qxe8 {[%emt 0:00:00]} 1-0

[Event "Istanbul Open 2019"]
[Site "Istanbul"]
[Date "2019.08.30"]
[Round "6.8"]
[White "Yarashov, Azat"]
[Black "Akbas, Umut Ata"]
[Result "1-0"]
[WhiteElo "2156"]
[BlackElo "1986"]
[Annotator "NA"]
[PlyCount "89"]
[EventDate "2019.08.26"]
[EventType "swiss"]
[EventCountry "TUR"]
[SourceTitle "playchess.com"]
[Source "ChessBase"]
[SourceQuality "1"]
[TimeControl "5400+30"]

1. d4 Nf6 2. Nf3 e6 3. g3 d5 4. Bg2 Be7 5. O-O O-O 6. b3 c5 7. e3 Nbd7 8. Bb2 Qc7 9. Nbd2 b6 10. c4 dxc4 11. Nxc4 Bb7 12. Rc1 Rfd8 13. Qe2 Rac8 14. Rfd1 Qb8 15. dxc5 Nxc5 16. Be5 Rxd1+ 17. Rxd1 Qa8 18. Bd6 Bd8 19. Bxc5 Rxc5 20. Nd6 Bc6 {[%emt 0:28:00]} 21. b4 {[%emt 0:49:30]} Rd5 {[%emt 0:00:30]} 22. Nd4 {[%emt 0:28:30]} Rxd4 {[%emt 0:10:30]} 23. Rxd4 {[%emt 0:00:30]} Bxg2 {[%emt 0:00:30]} 24. e4 {[%emt 0:00:30]} e5 {[%emt 0:01:30]} 25. Qc4 {[%emt 0:00:00]} Be7 {[%emt 0:02:30]} 26. Qxf7+ {[%emt 0:03:00]} Kh8 {[%emt 0:00:30]} 27. Qxe7 {[%emt 0:05:43]} exd4 {[%emt 0:00:00]} 28. Kxg2 {[%emt 0:00:19]} h6 {[%emt 0:01:00]} 29. Kf3 {[%emt 0:00:36]} Qc6 {[%emt 0:01:30]} 30. Nf5 {[%emt 0:02:01]} Ne8 {[%emt 0:00:30]} 31. Nxd4 {[%emt 0:02:06]} Qc3+ {[%emt 0:00:30]} 32. Kg2 {[%emt 0:00:00]} Qxd4 {[%emt 0:00:30]} 33. Qxe8+ {[%emt 0:00:00]} Kh7 {[%emt 0:00:00]} 34. Qe7 {[%emt 0:00:18]} Qc4 {[%emt 0:01:00]} 35. a4 {[%emt 0:01:12]} a6 {[%emt 0:00:30]} 36. a5 {[%emt 0:01:26]} b5 {[%emt 0:00:30]} 37. h4 {[%emt 0:00:40]} Qe2 {[%emt 0:01:30]} 38. Qe5 {[%emt 0:02:12]} Qc4 {[%emt 0:00:30]} 39. Qf5+ {[%emt 0:00:43]} Kh8 {[%emt 0:00:00]} 40. e5 {[%emt 0:00:07]} Qd5+ {[%emt 0:02:00]} 41. Kh2 {[%emt 0:01:30]} Kg8 {[%emt 0:00:00]} 42. Qc8+ {[%emt 0:00:38]} Kh7 {[%emt 0:00:00]} 43. Qxa6 {[%emt 0:01:59]} Qxe5 {[%emt 0:00:30]} 44. Qb7 {[%emt 0:00:13]} Qd4 {[%emt 0:00:30]} 45. Kg2 {[%emt 0:00:06]} 1-0

[Event "Istanbul Open 2019"]
[Site "Istanbul"]
[Date "2019.08.30"]
[Round "6.9"]
[White "Yarar, Muammer Atakan"]
[Black "Erdogan, Anil Berk"]
[Result "0-1"]
[WhiteElo "1779"]
[BlackElo "2144"]
[Annotator "NA"]
[PlyCount "84"]
[EventDate "2019.08.26"]
[EventType "swiss"]
[EventCountry "TUR"]
[SourceTitle "playchess.com"]
[Source "ChessBase"]
[SourceQuality "1"]
[TimeControl "5400+30"]

1. d4 Nf6 2. c4 c5 3. d5 e6 4. Nc3 exd5 5. cxd5 d6 6. e4 g6 7. f4 Bg7 8. Bb5+ Nfd7 9. Nf3 O-O 10. O-O a6 11. Bd3 b5 12. Kh1 Re8 13. Be3 Nb6 14. a3 Bxc3 15. bxc3 Nxd5 16. Bd2 Nf6 17. e5 dxe5 18. fxe5 Qxd3 19. exf6 Nc6 20. Bg5 {[%emt 0:27:00]} Qxd1 {[%emt 0:51:00]} 21. Raxd1 {[%emt 0:00:30]} Bg4 {[%emt 0:00:30]} 22. Rd6 {[%emt 0:00:30]} Bxf3 {[%emt 0:03:30]} 23. gxf3 {[%emt 0:00:30]} Ne5 {[%emt 0:01:30]} 24. Rd5 {[%emt 0:00:30]} Rac8 {[%emt 0:01:30]} 25. Be3 {[%emt 0:01:30]} c4 {[%emt 0:05:30]} 26. Bd4 {[%emt 0:06:30]} Nc6 {[%emt 0:04:30]} 27. Bf2 {[%emt 0:00:30]} Ne5 {[%emt 0:06:30]} 28. Bd4 {[%emt 0:01:30]} Nd3 {[%emt 0:00:30]} 29. Rb1 {[%emt 0:06:30]} Rcd8 {[%emt 0:02:30]} 30. Rg5 {[%emt 0:01:30]} h6 {[%emt 0:00:30]} 31. Rg2 {[%emt 0:00:30]} Kh7 {[%emt 0:00:30]} 32. h4 {[%emt 0:00:30]} Rd5 {[%emt 0:00:30]} 33. Kh2 {[%emt 0:00:30]} Re6 {[%emt 0:10:03]} 34. Ra2 {[%emt 0:00:30]} g5 {[%emt 0:02:59]} 35. Rg1 {[%emt 0:03:30]} Nf4 {[%emt 0:01:12]} 36. hxg5 {[%emt 0:00:30]} Rxg5 {[%emt 0:02:16]} 37. Rxg5 {[%emt 0:01:30]} hxg5 {[%emt 0:00:01]} 38. a4 {[%emt 0:00:30]} Re2+ {[%emt 0:01:16]} 39. Rxe2 {[%emt 0:00:30]} Nxe2 {[%emt 0:00:00]} 40. axb5 {[%emt 0:00:00]} axb5 {[%emt 0:00:11]} 41. Be5 {[%emt 0:00:00]} Kg6 {[%emt 0:00:30]} 42. Kh3 {[%emt 0:00:30]} Kf5 {[%emt 0:00:00]} 0-1